[Event "CRO Cup 21st"]
[Site "Sibenik"]
[Date "2012.05.16"]
[Round "1.14"]
[White "Martinus, Tomo"]
[Black "Kozul, Zdenko"]
[Result "0-1"]
[WhiteElo "2191"]
[BlackElo "2593"]
[PlyCount "68"]
[EventDate "2012.05.16"]
[EventType "team-swiss"]
[EventRounds "6"]
[EventCountry "CRO"]
[SourceTitle "CBM 148 Extra"]
[Source "ChessBase"]
[SourceDate "2012.06.22"]
[SourceVersion "1"]
[SourceVersionDate "2012.06.22"]
[SourceQuality "1"]
[WhiteTeam "Sesvete"]
[BlackTeam "Zagreb Mladost"]
[WhiteTeamCountry "CRO"]
[BlackTeamCountry "CRO"]

1. d4 Nf6 2. Nf3 g6 3. g3 Bg7 4. Bg2 d5 5. 0-0 c6 6. b3 0-0 7. Bb2 Qb6 8. a4 a5 9. Ba3 Re8 10. c4 Ne4 11. e3 Na6 12. Nfd2 f5 13. Bb2 Be6 14. f3 Nxd2 15. Qxd2 dxc4 16. bxc4 Bxc4 17. Rc1 Bf7 18. Na3 e5 19. Nc4 Bxc4 20. Rxc4 exd4 21. Bxd4 Bxd4 22. Rxd4 Rad8 23. Qa2+ Kg7 24. Qf2 Rxd4 25. exd4 Nb4 26. Rd1 Nd5 27. h4 Ne3 28. Rd2 Re7 29. Kh2 Qb4 30. Rd3 Nd5 31. Qc2 f4 32. g4 Qe1 33. Rd1 Qxh4+ 34. Kg1 Ne3 0-1

[Event "CRO-Cup 20th"]
[Site "Sibenik"]
[Date "2011.05.22"]
[Round "6.43"]
[White "Martinus, Tomo"]
[Black "Fercec, Nenad"]
[Result "0-1"]
[WhiteElo "2191"]
[BlackElo "2453"]
[PlyCount "132"]
[EventDate "2011.05.18"]
[EventType "team-swiss"]
[EventRounds "6"]
[EventCountry "CRO"]
[SourceTitle "CBM 142 Extra"]
[Source "ChessBase"]
[SourceDate "2011.06.27"]
[SourceVersion "1"]
[SourceVersionDate "2011.06.27"]
[SourceQuality "1"]
[WhiteTeam "Sesvete"]
[BlackTeam "Rijeka"]
[WhiteTeamCountry "CRO"]
[BlackTeamCountry "CRO"]

1. d4 Nf6 2. Nf3 g6 3. c4 Bg7 4. Nc3 d5 5. e3 0-0 6. Bd3 c5 7. 0-0 cxd4 8. exd4 Nc6 9. h3 dxc4 10. Bxc4 Na5 11. Bd3 Be6 12. Qe2 Rc8 13. Rd1 Nd5 14. Nxd5 Bxd5 15. Bd2 Nc6 16. Bc3 Qb6 17. Be4 Rfd8 18. Qe3 Rd6 19. Bxd5 Rxd5 20. Rd2 Rcd8 21. Rad1 e6 22. Qe4 Bh6 23. Rd3 Qa6 24. a3 Bg7 25. R3d2 Qa4 26. Kh2 b5 27. Qc2 Qxc2 28. Rxc2 e5 29. Be1 Nxd4 30. Nxd4 exd4 31. Rd3 f5 32. Ba5 R8d7 33. Kg3 Kf7 34. Kf3 Bf8 35. Rc6 Rc5 36. Rxc5 Bxc5 37. Ke2 Ke6 38. Rd2 d3+ 39. Rxd3 Rxd3 40. Kxd3 Bxf2 41. b3 h5 42. Bd2 Kd5 43. Bc3 g5 44. Bf6 g4 45. Bg5 Bc5 46. a4 bxa4 47. bxa4 Ke5 48. Bd2 f4 49. Bc3+ Kd5 50. Ke2 Kc4 51. Bd2 Bd6 52. hxg4 hxg4 53. Be1 a6 54. Bd2 Kb3 55. a5 Kc4 56. Bc1 Bb8 57. Bd2 Bc7 58. Kf2 Kd3 59. Bb4 Be5 60. Kf1 Bc3 61. Bd6 Bxa5 62. Bxf4 Bb4 63. Kf2 a5 64. Kg3 a4 65. Be5 a3 66. Kxg4 a2 0-1

[Event "CRO-Cup 20th"]
[Site "Sibenik"]
[Date "2011.05.20"]
[Round "4.63"]
[White "Martinus, Tomo"]
[Black "Mihalinec, Damir"]
[Result "1-0"]
[WhiteElo "2191"]
[BlackElo "2202"]
[PlyCount "101"]
[EventDate "2011.05.18"]
[EventType "team-swiss"]
[EventRounds "6"]
[EventCountry "CRO"]
[SourceTitle "CBM 142 Extra"]
[Source "ChessBase"]
[SourceDate "2011.06.27"]
[SourceVersion "1"]
[SourceVersionDate "2011.06.27"]
[SourceQuality "1"]
[WhiteTeam "Sesvete"]
[BlackTeam "Samobor"]
[WhiteTeamCountry "CRO"]
[BlackTeamCountry "CRO"]

1. d4 Nf6 2. Nf3 g6 3. g3 Bg7 4. Bg2 0-0 5. 0-0 d5 6. b3 c5 7. e3 Nc6 8. Bb2 cxd4 9. exd4 Bf5 10. Nbd2 Rc8 11. a3 Qd7 12. Re1 a5 13. c4 Bg4 14. Qc2 Rfd8 15. Qc3 a4 16. c5 Ne4 17. Qe3 Nxc5 18. b4 Bxf3 19. Nxf3 Nb3 20. Rad1 e6 21. Bf1 Ne7 22. Bd3 Rc7 23. Ne5 Qe8 24. Ng4 Nc8 25. Qf4 Nd6 26. h4 Qe7 27. Re2 h5 28. Ne5 Qf6 29. Qe3 Rdc8 30. Bb1 Kh7 31. Kg2 Bh6 32. f4 Nf5 33. Qf3 Kg8 34. Kh3 Bg7 35. Qd3 Nc1 36. Bxc1 Rc3 37. Rc2 Rxc2 38. Bxc2 Nxd4 39. Bxa4 Qf5+ 40. Qxf5 Nxf5 41. Bb2 b5 42. Bxb5 Rc2 43. Bd4 Ra2 44. a4 Bf8 45. Nc6 Ra3 46. Rd3 Ra2 47. a5 Bd6 48. a6 Nh6 49. a7 Ng4 50. Bg1 Ra1 51. Kg2 1-0

[Event "CRO-chT2 Center"]
[Site "Zagreb"]
[Date "2010.10.24"]
[Round "11.66"]
[White "Martinus, Tomo"]
[Black "Greb, Nikola"]
[Result "1/2-1/2"]
[WhiteElo "2186"]
[BlackElo "2053"]
[PlyCount "59"]
[EventDate "2010.03.21"]
[EventType "team-tourn"]
[EventRounds "11"]
[EventCountry "CRO"]
[SourceTitle "EXT 2012"]
[Source "ChessBase"]
[SourceDate "2011.11.24"]
[SourceVersion "1"]
[SourceVersionDate "2011.11.24"]
[SourceQuality "1"]

1. d4 c5 2. d5 e6 3. e4 exd5 4. exd5 d6 5. c4 Ne7 6. Bd3 Ng6 7. Nf3 Be7 8. 0-0 0-0 9. h3 Bf6 10. Nc3 Nd7 11. Qc2 Nde5 12. Nxe5 Bxe5 13. Ne4 Nf4 14. Ng3 Nxd3 15. Qxd3 Qh4 16. f4 Bd4+ 17. Kh2 Re8 18. Rb1 Bd7 19. Bd2 a6 20. b3 Re7 21. Rbe1 Rae8 22. Rxe7 Rxe7 23. Qf3 f5 24. Re1 b5 25. Rxe7 Qxe7 26. Qd3 g6 27. Qf3 Kf7 28. Bc3 Qf6 29. Ne2 Bxc3 30. Qxc3 1/2-1/2

[Event "CRO-chT2b"]
[Site "Croatia"]
[Date "2009.11.08"]
[Round "11"]
[White "Martinus, Tomo"]
[Black "Frcko, Petar"]
[Result "1-0"]
[WhiteElo "2161"]
[BlackElo "1677"]
[PlyCount "85"]
[EventDate "2009.03.01"]
[EventType "team-tourn"]
[EventRounds "11"]
[EventCountry "CRO"]
[SourceTitle "EXT 2011"]
[Source "ChessBase"]
[SourceDate "2010.11.26"]
[SourceVersion "1"]
[SourceVersionDate "2010.11.26"]
[SourceQuality "1"]

1. d4 Nf6 2. Nf3 e6 3. a3 d5 4. c4 dxc4 5. Nc3 c6 6. g3 Nbd7 7. Bg2 Be7 8. 0-0 0-0 9. Qc2 Nb6 10. Rd1 h6 11. Ne5 Bd6 12. Ne4 Nxe4 13. Bxe4 Bxe5 14. dxe5 Qc7 15. f4 c5 16. Be3 Bd7 17. a4 a5 18. b3 cxb3 19. Qxc5 Qxc5 20. Bxc5 Bxa4 21. Bxb6 Bb5 22. Rxa5 Rxa5 23. Bxa5 Bxe2 24. Rd2 Ba6 25. Kf2 Rc8 26. Ke3 g6 27. Rd8+ Rxd8 28. Bxd8 h5 29. Kd2 Kf8 30. Kc3 Ke8 31. Bb6 Kd7 32. Kxb3 Kc8 33. Kb4 Kd7 34. Kc5 Ke8 35. Kd6 Be2 36. Bxb7 Bg4 37. Bc6+ Kf8 38. Bd8 Bh3 39. Bg5 Bf1 40. Bh6+ Kg8 41. Ke7 Bd3 42. Be8 Bf5 43. Bxf7+ 1-0

[Event "CRO-chT2b"]
[Site "Croatia"]
[Date "2009.10.25"]
[Round "9"]
[White "Hibner, Branko"]
[Black "Martinus, Tomo"]
[Result "0-1"]
[WhiteElo "2070"]
[BlackElo "2161"]
[PlyCount "107"]
[EventDate "2009.03.01"]
[EventType "team-tourn"]
[EventRounds "11"]
[EventCountry "CRO"]
[SourceTitle "EXT 2011"]
[Source "ChessBase"]
[SourceDate "2010.11.26"]
[SourceVersion "1"]
[SourceVersionDate "2010.11.26"]
[SourceQuality "1"]

1. Nf3 Nf6 2. c4 e6 3. g3 b6 4. Bg2 Bb7 5. 0-0 g6 6. Nc3 Bg7 7. d3 0-0 8. Bg5 h6 9. Bd2 d5 10. Qc1 Kh7 11. a4 a5 12. Rb1 Na6 13. Nb5 c6 14. Na3 Qe7 15. Re1 Rfd8 16. Bc3 Nb4 17. b3 Na2 18. Bxf6 Bxf6 19. Qf4 g5 20. Qe3 Qxa3 21. b4 Nxb4 22. Qxb6 Rd7 23. cxd5 Nxd5 24. Qb3 Qxb3 25. Rxb3 Nb4 26. Nd2 c5 27. Nc4 Bxg2 28. Kxg2 Ra6 29. Rc1 Bd4 30. Na3 Rc6 31. Nc4 Ra7 32. Na3 Bg7 33. Nc4 f5 34. h3 e5 35. g4 e4 36. dxe4 fxe4 37. Ne3 Rd7 38. Nc4 Ra6 39. Kg3 Bd4 40. Kg2 Rf7 41. e3 Bg7 42. Rf1 Rd7 43. Rbb1 Rd3 44. Rfc1 Ra7 45. Nb6 Bf8 46. Rc4 Rf7 47. Rxe4 Rd2 48. Rf1 Nd3 49. Nc4 Rdxf2+ 50. Rxf2 Rxf2+ 51. Kg1 Ra2 52. Nxa5 Nb4 53. Nc4 Rxa4 54. Ne5 0-1